Engineering drawing (Record no. 544539)
[ view plain ]
| 000 -LEADER | |
|---|---|
| fixed length control field | 00390nam a22001457a 4500 |
| 082 ## - DEWEY DECIMAL CLASSIFICATION NUMBER | |
| Classification number | 604.2 |
| Author Mark | SHA |
| -- | N-01, P-162 |
| 100 ## - MAIN ENTRY--PERSONAL NAME | |
| Personal name | M.B. Shah |
| 9 (RLIN) | 40183 |
| 245 ## - TITLE STATEMENT | |
| Title | Engineering drawing |
| Statement of responsibility, etc. | M.B. Shah |
| 260 ## - PUBLICATION, DISTRIBUTION, ETC. | |
| Place of publication, distribution, etc. | india |
| Name of publisher, distributor, etc. | Dorling kindersely |
| Date of publication, distribution, etc. | 2007 |
| 300 ## - PHYSICAL DESCRIPTION | |
| Extent | xiv, 567 p. |
| Other physical details | ill. |
| 526 ## - STUDY PROGRAM INFORMATION NOTE | |
| Program name | 0 |
| Interest level | 0 |
| Reading level | 0 |
| Title point value | 604_200000000000000_SHA |
| 650 ## - SUBJECT ADDED ENTRY--TOPICAL TERM | |
| Topical term or geographic name entry element | MCE |
| 9 (RLIN) | 379 |
| 700 ## - ADDED ENTRY--PERSONAL NAME | |
| Personal name | B.C. Rana |
| 9 (RLIN) | 40184 |
| 942 ## - ADDED ENTRY ELEMENTS (KOHA) | |
| Source of classification or shelving scheme | |
| Koha item type | Book |
| Withdrawn status | Lost status | Source of classification or shelving scheme | Damaged status | Not for loan | Permanent Location | Current Location | Date acquired | Total Checkouts | Full call number | Barcode | Date last seen | Date last checked out | Price effective from | Koha item type |
|---|---|---|---|---|---|---|---|---|---|---|---|---|---|---|
| Military College of Engineering (MCE) | Military College of Engineering (MCE) | 05/07/2014 | 1 | 604.2 SHA | MCE-39302 | 08/15/2018 | 08/03/2018 | 05/07/2014 | Book |
